| 000 | 00344nam a22001337a 4500 | ||
|---|---|---|---|
| 020 | _qHB. | ||
| 040 | _cFIZZA ISHAQ | ||
| 082 |
_a005.1 _bBOY |
||
| 100 |
_aSUMMERS,L.BOYD. _991536 |
||
| 245 |
_aEFFECTIVE METHODS FOR SOFT WARE ENGINEERING / _cBOYD L.SUMMERS |
||
| 260 |
_aNEW YORK ; _bCRC PRESS, _c2021. |
||
| 300 | _a160 P. ; | ||
| 942 |
_2ddc _cBK |
||
| 999 |
_c589659 _d589659 |
||